Modern analytical design of instrument servomechanisms
Αποθηκεύτηκε σε:
| Κύριος συγγραφέας: | |
|---|---|
| Μορφή: | Βιβλίο |
| Γλώσσα: | Αγγλικά |
| Έκδοση: |
Reading
Addison-Wesley
1967
|
| Θέματα: | |
| Ετικέτες: |
Προσθήκη ετικέτας
Δεν υπάρχουν, Καταχωρήστε ετικέτα πρώτοι!
|
MARC
| LEADER | 00000nam a2200000 a 4500 | ||
|---|---|---|---|
| 001 | UCU5056 | ||
| 003 | CL-VaPUC | ||
| 008 | 960531e19670000US |||||||||||||||||eng|d | ||
| 082 | 0 | 4 | |a 629.8 |b CHU |2 21 |
| 100 | 0 | |a Chubb, Bruce A |e author |9 362915 | |
| 245 | 1 | 0 | |a Modern analytical design of instrument servomechanisms |
| 300 | |a 228 p | ||
| 942 | |c BK | ||
| 945 | |d 19960531 00:00:00 |a cmena | ||
| 260 | |a Reading |b Addison-Wesley |c 1967 | ||
| 650 | 0 | |a Control automático |9 259890 | |
| 650 | 0 | |a Servomecanismos |9 260343 | |
| 650 | 7 | |a SISTEMAS CIBERNETICOS |2 CL-VaPUC |9 354475 | |
| 650 | 0 | |a Automatización |9 299909 | |
| 650 | 7 | |a CONTROL DE SISTEMAS |2 CL-VaPUC |9 352951 | |
| 583 | |a last modification |c 19960531 00:00:00 |k Rodrigo Vera | ||
| 999 | |c 248563 |d 248561 | ||
| 952 | |0 0 |1 0 |4 0 |6 629_800000000000000_CHU_1967 |7 0 |8 A |9 265262 |a BIBING |b BIBING |d 2019-11-19 |i 1668781 |o 629.8 CHU 1967 |p 1668781 |r 2025-01-20 |w 2019-11-19 |y BK |k EIE | ||